LIBRARY & INFORMATION CENTRE, KCAET, TAVANUR

ONLINE PUBLIC ACCESS CATALOGUE (OPAC)

Jnan ki kahaniyam Part.II / (Record no. 8172)

MARC details
000 -LEADER
fixed length control field 00407cam a2200169ua 4500
041 ## - LANGUAGE CODE
Language code of text/sound track or separate title hin
082 ## - DEWEY DECIMAL CLASSIFICATION NUMBER
Classification number 891.54
Item number BHA/JN
100 ## - MAIN ENTRY--AUTHOR NAME
Personal name Bhandari, C.S.
245 ## - TITLE STATEMENT
Title Jnan ki kahaniyam Part.II /
260 ## - PUBLICATION, DISTRIBUTION, ETC. (IMPRINT)
Place of publication :
Name of publisher Hindi Pracharak Pustkalay ,
Year of publication 1966.
300 ## - PHYSICAL DESCRIPTION
Number of Pages 32 ; .
942 ## - ADDED ENTRY ELEMENTS (KOHA)
Koha item type Books
Holdings
Withdrawn status Lost status Damaged status Home library Current library Date acquired Full call number Accession Number Koha item type
Withdrawn     KAUAET KAUAET 07/04/2012 891.54 10555 A Books
free website counter